000 00676cab a2200241 4500
001 ABS57932
008 090401t1997 xxu||||| |||| 00| 0 eng d
035 _a(Sirsi) u82444
041 _aeng
100 _aGannon, J.
245 _aRisk analysis: theory and practice within PFI
260 _c1997
350 _a0
490 _aPFI Journal
_v2(5) November 1997, 10-13(4)
520 _aAn in-depth look at the fundamental principles behind risk in PFI. Graphics, references.
650 _aPFI
650 _aRISK ANALYSIS
650 _aRISK
650 _aVALUE FOR MONEY
690 _aPROPERTY-PROPERTY FINANCE AND INVESTMENT
942 _n0
948 _c01/12/1997
999 _c52062
_d52062